| 000 | 01225pam a2200325 i 4500 | ||
|---|---|---|---|
| 999 |
_c28425 _d28396 |
||
| 001 | 016449589 | ||
| 003 | Uk | ||
| 005 | 20200705110115.0 | ||
| 008 | 130507s2014 enka 000|0 eng|d | ||
| 020 | _a9781856049337 (pbk.) | ||
| 040 |
_aStDuBDS _beng _cStDuBDS _dUk _erda |
||
| 082 | 0 | 4 |
_a025.04 _bDEL _222 |
| 245 | 0 | 0 |
_aDelivering research data management services : _bfundamentals of good practice / _cedited by Graham Pryor, Sarah Jones and Angus Whyte. |
| 264 | 1 |
_aLondon : _bFacet Publishing, _c2014. |
|
| 300 |
_axiv, 242 pages : _billustrations ; _c24 cm |
||
| 336 |
_atext _2rdacontent _btxt |
||
| 337 |
_aunmediated _2rdamedia _bn |
||
| 338 |
_avolume _2rdacarrier _bnc |
||
| 500 |
_aFormerly CIP. _5Uk |
||
| 650 | 0 |
_aInformation services _xManagement _vCase studies. |
|
| 650 | 0 |
_aInformation resources management _vCase studies. |
|
| 650 | 0 | _aResearch. | |
| 700 | 1 |
_aPryor, Graham, _eeditor of compilation. |
|
| 700 | 1 |
_aJones, Sarah, _d1981- _eeditor of compilation. |
|
| 700 | 1 |
_aWhyte, Angus, _d1959- _eeditor of compilation. _97663 |
|
| 942 |
_2ddc _cBB |
||